[Event "4NCL Division 4 South"]
[Site "Maidenhead, ENG"]
[Date "2020.02.09"]
[Round "6.46"]
[White "Gurjar, Siena"]
[Black "Sloan, Cecil"]
[Result "1/2-1/2"]
[WhiteElo "1382"]
[BlackElo "1735"]
[PlyCount "94"]
[EventDate "2020.02.09"]
[WhiteTeam "Cambridge University 3"]
[BlackTeam "Watford 1"]

1. e4 d5 2. exd5 Qxd5 3. Nc3 Qd8 4. Nf3 Bg4 5. Bc4 e6 6. O-O Nf6 7. d4 Nbd7 8.
Bg5 Be7 9. h3 Bxf3 10. Qxf3 c6 11. Rad1 O-O 12. Qg3 Nh5 13. Qg4 Bxg5 14. Qxh5
g6 15. Qf3 Qf6 16. Qd3 Nb6 17. Bb3 Rad8 18. Ne4 Qe7 19. Rfe1 Bf6 20. c3 Bg7 21.
Nc5 Nd5 22. c4 Nf6 23. Na4 Qc7 24. Nc3 Rd7 25. d5 Rfd8 26. Qf3 exd5 27. cxd5
Nxd5 28. Bxd5 Qc8 29. Bb3 Bxc3 30. Qxc3 Rxd1 31. Rxd1 Rxd1+ 32. Bxd1 Qd7 33.
Be2 Qe6 34. Qc4 Qe5 35. Qd3 Qxb2 36. a3 Kg7 37. Kh2 Qe5+ 38. g3 Qb2 39. f4 Qa1
40. Qe3 Qe1 41. Qe5+ Kg8 42. Qe8+ Kg7 43. Qe5+ Kg8 44. Bc4 Qf2+ 45. Kh1 Qf3+
46. Kh2 Qf2+ 47. Kh1 Qf3+ 1/2-1/2

[Event "4NCL Division 4 South"]
[Site "Maidenhead, ENG"]
[Date "2020.02.09"]
[Round "6.51"]
[White "Fletcher, John"]
[Black "Spanton, Tim R"]
[Result "0-1"]
[WhiteElo "2015"]
[BlackElo "1854"]
[PlyCount "62"]
[EventDate "2020.02.09"]
[WhiteTeam "The Full Ponty"]
[BlackTeam "Wessex C"]

1. d4 Nf6 2. Nc3 d5 3. Bg5 Nbd7 4. Nf3 h6 5. Bh4 e6 6. e3 c5 7. Bb5 a6 8. Bxd7+
Bxd7 9. Ne5 Be7 10. O-O Rc8 11. a4 O-O 12. Qd3 Nh5 13. Bxe7 Qxe7 14. Ne2 Nf6
15. c3 Bc6 16. Ng3 Qe8 17. Qd1 cxd4 18. exd4 Nd7 19. Nxc6 Rxc6 20. Re1 Nb6 21.
Qg4 Qd8 22. h4 f5 23. Qf4 g5 24. hxg5 hxg5 25. Qf3 Rf7 26. a5 Nc4 27. Re2 Qf6
28. Rae1 Rh7 29. b4 Qh6 30. Re5 Qh2+ 31. Kf1 Nd2+ 0-1

[Event "4NCL Division 4 South"]
[Site "Maidenhead, ENG"]
[Date "2020.02.09"]
[Round "6.52"]
[White "Pentakota, Rajasekhar"]
[Black "Adams, Mark"]
[Result "1/2-1/2"]
[WhiteElo "1839"]
[BlackElo "1966"]
[PlyCount "90"]
[EventDate "2020.02.09"]
[WhiteTeam "Wessex C"]
[BlackTeam "The Full Ponty"]

1. d4 d5 2. Bf4 e6 3. Nf3 Bd6 4. Bxd6 Qxd6 5. c3 Nf6 6. e3 Nbd7 7. Nbd2 O-O 8.
Bd3 e5 9. dxe5 Nxe5 10. Nxe5 Qxe5 11. Nf3 Qe7 12. O-O c5 13. c4 dxc4 14. Bxc4
Bg4 15. Be2 Rad8 16. Qc2 b6 17. Rad1 g6 18. Rxd8 Rxd8 19. Rd1 Bf5 20. Qa4 Rxd1+
21. Qxd1 Qd7 22. Qxd7 Nxd7 23. Bc4 Kg7 24. Kf1 h6 25. Ke2 Kf6 26. h3 Be6 $11
27. Kd3 Nb8 28. Bxe6 Kxe6 29. Kc4 a6 30. a3 Kd6 31. b4 b5+ 32. Kc3 c4 33. e4
Nc6 34. a4 bxa4 35. Kxc4 Ne5+ 36. Kc3 Nc6 37. Ne1 Na7 38. f4 Nb5+ 39. Kc4 Na3+
40. Kc3 Nb5+ 41. Kb2 a3+ 42. Kb3 a2 43. Kxa2 Nc3+ 44. Kb3 Nxe4 45. Nd3 Kc7
1/2-1/2

[Event "4NCL Division 4 South"]
[Site "Maidenhead, ENG"]
[Date "2020.02.09"]
[Round "6.53"]
[White "Roberts, David L"]
[Black "Krawczuk, Michael J"]
[Result "1-0"]
[WhiteElo "2002"]
[BlackElo "1823"]
[PlyCount "107"]
[EventDate "2020.02.09"]
[WhiteTeam "The Full Ponty"]
[BlackTeam "Wessex C"]

1. e4 c5 2. Nf3 d6 3. d4 cxd4 4. Nxd4 Nf6 5. Nc3 a6 6. f4 e6 7. Qf3 Qc7 8. Be3
Nc6 9. Qg3 Bd7 10. O-O-O O-O-O 11. Be2 Nxd4 12. Bxd4 Bc6 13. Qe3 Nd7 14. Rhf1
Kb8 15. Qg3 Rc8 16. Bd3 f6 17. f5 exf5 18. Nd5 Qa5 19. Rxf5 Ne5 20. Nb6 Re8 21.
Kb1 g6 22. Rxf6 Be7 23. Re6 Bd8 24. Rxe5 dxe5 25. Nc4 Qc7 26. Bxe5 Rxe5 27.
Qxe5 Re8 28. Qd4 Qxh2 29. Nd6 Qe5 30. Qxe5 Rxe5 31. Nf7 Re8 32. Nxd8 Rxd8 33.
Rf1 h5 34. Kc1 Rd6 35. Re1 Re6 36. Kd2 Kc7 37. Ke3 Kd6 38. Kd4 Ke7 39. Rf1 Rd6+
40. Ke3 Re6 41. g3 a5 42. a3 b6 43. b4 axb4 44. axb4 Kd6 45. Kd4 Be8 46. Bc4
Re7 47. Rf6+ Kc7 48. Bd5 Rg7 49. Rf8 Re7 50. e5 Kd7 51. c4 Kc7 52. Ke4 Kd7 53.
Rf6 Kc7 54. Re6 1-0

[Event "4NCL Division 4 South"]
[Site "Maidenhead, ENG"]
[Date "2020.02.09"]
[Round "6.54"]
[White "Moore, Gillian A"]
[Black "Perrett, David C"]
[Result "0-1"]
[WhiteElo "1798"]
[BlackElo "1943"]
[PlyCount "66"]
[EventDate "2020.02.09"]
[WhiteTeam "Wessex C"]
[BlackTeam "The Full Ponty"]

1. d4 f5 2. e4 fxe4 3. Nc3 Nf6 4. g4 d5 5. g5 Bg4 6. Be2 Bxe2 7. Qxe2 Ng8 8.
Qb5+ Nc6 9. Be3 e6 10. Qxb7 Na5 11. Qa6 c6 12. Na4 Qc7 13. b3 Bd6 14. f4 Ne7
15. Nc5 Bxc5 16. dxc5 Nf5 17. Qe2 O-O 18. Nh3 Nb7 19. O-O-O Qa5 20. Kb1 Qc3 21.
Rhe1 Nxc5 22. Bxc5 Qxc5 23. Qg4 g6 24. Qg1 Qc3 25. Qg4 a5 26. Ng1 a4 27. Qh3
Qc5 28. Ne2 Qa3 29. Nc1 c5 30. Qc3 Qb4 31. Qe5 Qb6 32. Kb2 Nd4 33. Re3 Rf5 0-1

[Event "4NCL Division 4 South"]
[Site "Maidenhead, ENG"]
[Date "2020.02.09"]
[Round "6.55"]
[White "Davies, Peter"]
[Black "Coburn, Joseph A"]
[Result "1/2-1/2"]
[WhiteElo "1928"]
[BlackElo "1784"]
[PlyCount "51"]
[EventDate "2020.02.09"]
[WhiteTeam "The Full Ponty"]
[BlackTeam "Wessex C"]

1. e4 d6 2. d4 Nf6 3. Nc3 g6 4. Nf3 Bg7 5. Be2 c6 6. a4 a5 7. O-O O-O 8. h3 Na6
9. Be3 Nb4 10. Qd2 d5 11. e5 Ne4 12. Nxe4 dxe4 13. Ne1 c5 14. c3 cxd4 15. cxd4
Be6 16. f3 Bd5 17. fxe4 Bxe4 18. Bf3 Bxf3 19. Nxf3 Rc8 20. Rac1 Qd7 21. b3 Rxc1
22. Rxc1 Rc8 23. Bh6 Rxc1+ $11 24. Qxc1 Bxh6 25. Qxh6 f6 26. exf6 1/2-1/2

[Event "4NCL Division 4 South"]
[Site "Maidenhead, ENG"]
[Date "2020.02.09"]
[Round "6.56"]
[White "Lovell, William Pm"]
[Black "Hughes, Anthony"]
[Result "0-1"]
[WhiteElo "1787"]
[BlackElo "1881"]
[PlyCount "80"]
[EventDate "2020.02.09"]
[WhiteTeam "Wessex C"]
[BlackTeam "The Full Ponty"]

1. c4 f5 2. g3 Nf6 3. Bg2 e6 4. Nf3 Be7 5. O-O O-O 6. Nc3 d6 7. b4 a6 8. b5 e5
9. d3 Qe8 10. e4 Qh5 11. exf5 Bxf5 12. Nh4 Ng4 13. h3 Bxh4 14. gxh4 Qxh4 15.
hxg4 Bxg4 16. f3 Be6 17. Be3 Nd7 18. Qe1 Qh5 19. Rd1 Rf6 20. f4 Raf8 21. Qd2
Rh6 22. Bf3 Rg6+ 23. Kf2 Qh4+ 24. Ke2 exf4 25. Bf2 Qe7 26. Be4 Bg4+ 27. Ke1
Bxd1 28. Kxd1 Rh6 29. Nd5 Qe5 30. Nxc7 Nc5 31. Bxc5 dxc5 32. Nd5 f3 33. Bxf3
Rh2 34. Qc3 Qg5 35. a4 Ra2 36. Nc7 Rxf3 37. Re1 h6 38. Ne6 Qg4 39. Kc1 Rff2 40.
Kb1 Qg2 0-1

[Event "4NCL Division 4 South"]
[Site "Maidenhead, ENG"]
[Date "2020.02.09"]
[Round "6.61"]
[White "Bennett, Max"]
[Black "Reed, Darren"]
[Result "1/2-1/2"]
[WhiteElo "1982"]
[BlackElo "1949"]
[PlyCount "37"]
[EventDate "2020.02.09"]
[WhiteTeam "Sussex Martlets 3"]
[BlackTeam "MK Phoenix 2"]

1. e4 d6 2. d4 Nf6 3. Nc3 g6 4. Be3 c6 5. f3 b5 6. Qd2 Nbd7 7. d5 cxd5 8. Nxd5
a6 9. Nh3 Bb7 10. Nhf4 Bg7 11. c4 bxc4 12. Bxc4 O-O 13. O-O Nxd5 14. Nxd5 e6
15. Nf4 d5 16. exd5 Nb6 17. Bb3 Bxd5 18. Nxd5 exd5 19. Bd4 1/2-1/2

[Event "4NCL Division 4 South"]
[Site "Maidenhead, ENG"]
[Date "2020.02.09"]
[Round "6.62"]
[White "Valentine, Brian J"]
[Black "Michaud, Gerald"]
[Result "1/2-1/2"]
[WhiteElo "1959"]
[BlackElo "1842"]
[PlyCount "49"]
[EventDate "2020.02.09"]
[WhiteTeam "MK Phoenix 2"]
[BlackTeam "Sussex Martlets 3"]

1. e4 e6 2. d4 d5 3. Nc3 Bb4 4. e5 c5 5. a3 Bxc3+ 6. bxc3 Ne7 7. Qg4 Qc7 8.
Qxg7 Rg8 9. Qxh7 cxd4 10. Ne2 Nbc6 11. f4 dxc3 12. Qd3 Nf5 13. Qxc3 Bd7 14. Rb1
Rc8 15. Rg1 d4 16. Qd3 Na5 17. g4 Qxc2 18. Qxc2 Rxc2 19. gxf5 Rxe2+ 20. Kxe2
Rxg1 21. Kf2 Rh1 22. Bg2 Rxh2 23. Kg3 Rh8 $11 24. Bxb7 Bc6 25. Bxc6+ 1/2-1/2

[Event "4NCL Division 4 South"]
[Site "Maidenhead, ENG"]
[Date "2020.02.09"]
[Round "6.63"]
[White "Neale, George"]
[Black "Williamson, Kevin J"]
[Result "0-1"]
[WhiteElo "1885"]
[BlackElo "1844"]
[PlyCount "84"]
[EventDate "2020.02.09"]
[WhiteTeam "Sussex Martlets 3"]
[BlackTeam "MK Phoenix 2"]

1. d4 Nf6 2. Nf3 d6 3. c4 c6 4. Nc3 Qc7 5. Bf4 Nbd7 6. c5 Nh5 7. cxd6 exd6 8.
Qd2 Nxf4 9. Qxf4 Qb6 10. Rb1 Nf6 11. e3 Be6 12. Ng5 Be7 13. Nxe6 fxe6 14. Bc4
d5 15. Bd3 Qd8 16. g4 Bd6 17. Qg5 Qc7 18. Qh4 O-O-O 19. b4 Qe7 20. a3 g5 21.
Qh3 h5 22. gxh5 Rxh5 23. Qf3 Rdh8 24. b5 c5 25. dxc5 Bxc5 26. Rc1 Kb8 27. a4 g4
28. Qd1 Rxh2 29. Rf1 Bb4 30. Be2 Ne4 31. Qd4 Bxc3+ 32. Rxc3 Nxc3 33. Qxc3 Qc7
34. Qb2 g3 35. Kd2 g2 36. Rg1 Rf8 37. f4 Rg8 38. Bf3 Qg7 39. Qb4 Rc8 40. f5
exf5 41. Qd6+ Qc7 42. Qxd5 Rd8 0-1

[Event "4NCL Division 4 South"]
[Site "Maidenhead, ENG"]
[Date "2020.02.09"]
[Round "6.64"]
[White "Sommerbauer-Cornell, Ben"]
[Black "Hedger, Alec"]
[Result "1-0"]
[WhiteElo "1825"]
[BlackElo "1885"]
[PlyCount "103"]
[EventDate "2020.02.09"]
[WhiteTeam "MK Phoenix 2"]
[BlackTeam "Sussex Martlets 3"]

1. d4 d5 2. Nf3 e6 3. c4 c6 4. Nc3 dxc4 5. a4 Bb4 6. e4 b5 7. Bd2 Bxc3 8. bxc3
Bb7 9. Qc2 Nd7 10. Be2 a6 11. O-O Nb6 12. a5 Nd7 13. Rfe1 Ngf6 14. Ng5 Qe7 15.
f4 h6 16. Nh3 O-O-O 17. Bf3 Rdg8 18. Bc1 Qd8 19. Qf2 Qc7 20. Be3 Nh7 21. Qd2
Ndf6 22. g3 Rd8 23. Qg2 Rhg8 24. Qc2 Nf8 25. Nf2 N8d7 26. e5 Nd5 27. Ne4 Nf8
28. Nd6+ Rxd6 29. exd6 Qxd6 30. Bc1 Nd7 31. Ba3 Qc7 32. Bxd5 cxd5 33. Bb4 Nf6
34. f5 Ne4 35. fxe6 fxe6 36. Rf1 g5 37. Qe2 e5 38. Qg4+ Kb8 39. Qe6 Rh8 40. Rf7
Qc8 41. Qxe5+ Ka8 42. Raf1 Re8 43. Rf8 Rxe5 44. Rxc8+ Bxc8 45. dxe5 Be6 46.
Rf8+ Kb7 47. Re8 Bd7 48. Re7 Kc6 49. e6 Bc8 50. Re8 Bb7 51. e7 Nd6 52. Rd8 1-0

[Event "4NCL Division 4 South"]
[Site "Maidenhead, ENG"]
[Date "2020.02.09"]
[Round "6.65"]
[White "Woods, Timothy J"]
[Black "Obi, Marc On"]
[Result "0-1"]
[WhiteElo "1697"]
[BlackElo "1783"]
[PlyCount "71"]
[EventDate "2020.02.09"]
[WhiteTeam "Sussex Martlets 3"]
[BlackTeam "MK Phoenix 2"]

1. e4 c5 2. Nf3 d6 3. d4 cxd4 4. Nxd4 Nf6 5. Nc3 a6 6. f4 e5 7. Nf3 Qa5 8. Bd3
Be7 9. O-O O-O 10. Qe1 Nc6 11. a3 Bg4 12. h3 Bxf3 13. Rxf3 Rad8 14. Rf1 Rfe8
15. Kh1 d5 16. b4 Bxb4 17. Bd2 Bxc3 18. Bxc3 Qa4 19. exd5 Nxd5 20. Bxe5 Nxe5
21. fxe5 Qd4 22. Rd1 Qc5 23. Qh4 g6 24. e6 fxe6 25. Rf7 Kxf7 26. Qxh7+ Kf6 27.
Qxg6+ Ke7 28. Qg7+ Kd6 29. c4 Ne3 30. Rb1 Re7 31. Qg3+ e5 32. Be4 b6 33. Re1
Nxc4 34. Rd1+ Kc7 35. Rxd8 Kxd8 36. Qg8+ 0-1

[Event "4NCL Division 4 South"]
[Site "Maidenhead, ENG"]
[Date "2020.02.09"]
[Round "6.66"]
[White "Shaw, John S"]
[Black "Hedger, Timothy"]
[Result "1/2-1/2"]
[WhiteElo "1687"]
[BlackElo "1577"]
[PlyCount "38"]
[EventDate "2020.02.09"]
[WhiteTeam "MK Phoenix 2"]
[BlackTeam "Sussex Martlets 3"]

1. Nf3 d5 2. g3 c6 3. Bg2 Nf6 4. d3 Bf5 5. Nbd2 e6 6. O-O Bc5 7. a3 Nbd7 8. b4
Bb6 9. Bb2 O-O 10. Nh4 Bg6 11. Nxg6 hxg6 12. c4 c5 13. b5 Rb8 14. e3 Ba5 15.
Nb3 Bb6 16. a4 a5 17. Rc1 Ba7 18. Qd2 b6 19. Rfd1 Rc8 1/2-1/2

[Event "4NCL Division 4 South"]
[Site "Maidenhead, ENG"]
[Date "2020.02.09"]
[Round "6.71"]
[White "Saidmurodov, Shahjahon"]
[Black "Wilks, Simon"]
[Result "0-1"]
[WhiteElo "1891"]
[BlackElo "2170"]
[PlyCount "106"]
[EventDate "2020.02.09"]
[WhiteTeam "CSC 3"]
[BlackTeam "All Anands on Deck"]

1. e4 e6 2. Nc3 d5 3. Nf3 Nf6 4. e5 Nfd7 5. d4 c5 6. Ne2 Nc6 7. c3 Qb6 8. a3 a5
9. Nf4 Be7 10. h4 a4 11. Rh3 Qb3 12. Qd2 Bd8 13. Nh5 Rg8 14. Bd3 g6 15. Bc2 Qb6
16. Rg3 cxd4 17. cxd4 Qa5 18. Qxa5 {Both scoresheets now give 18...Rxa5
followed by Ra8. This makes 27...0-0-0 illegal though!} Nxa5 19. Bd2 Nc6 20.
Nf4 Nb6 21. h5 Nc4 22. Bc3 b5 23. Ke2 Be7 24. Nd3 Ba6 25. Ng5 gxh5 26. Nxh7
Rxg3 27. fxg3 O-O-O 28. Rg1 b4 29. axb4 a3 30. bxa3 Nxa3 31. Ra1 Nxc2 32. Rxa6
N2xd4+ 33. Kd2 Kb7 34. Ra2 Nb5 35. Ra1 Rg8 36. Rf1 Rxg3 37. Rf2 Nxc3 38. Kxc3
Nxe5 39. Kd4 Nc6+ 40. Kc3 Ne5 41. Kd4 Nc6+ 42. Kc3 f5 43. b5 Ne5 44. Rd2 Rxd3+
45. Rxd3 Nxd3 46. Kxd3 e5 47. Ke3 Kb6 48. Kd3 Kxb5 49. g3 Kc5 50. Kc3 d4+ 51.
Kd3 e4+ 52. Kd2 Kc4 53. g4 hxg4 0-1

[Event "4NCL Division 4 South"]
[Site "Maidenhead, ENG"]
[Date "2020.02.09"]
[Round "6.72"]
[White "Waller, Dan"]
[Black "Fowler, David"]
[Result "1-0"]
[WhiteElo "2147"]
[BlackElo "1966"]
[PlyCount "63"]
[EventDate "2020.02.09"]
[WhiteTeam "All Anands on Deck"]
[BlackTeam "CSC 3"]

1. e4 d5 2. exd5 Qxd5 3. Nc3 Qd6 4. d4 Nf6 5. Bc4 a6 6. Nge2 b5 7. Bf4 Qd8 8.
Bb3 Bf5 9. Ng3 Bg6 10. Qe2 c6 11. O-O-O Nd5 12. Nxd5 cxd5 13. h4 h6 14. h5 Bh7
15. Rhe1 e6 16. Qg4 Nc6 17. Nf5 Bxf5 18. Qxf5 Be7 19. Qg4 Kf8 20. Re3 Na5 21.
Be5 Bf6 22. f4 Nc4 23. Rf3 Bxe5 24. dxe5 Rg8 25. Bxc4 bxc4 26. f5 Ke7 27. fxe6
fxe6 28. Rdf1 Qe8 29. Qd4 Qb5 30. Rf7+ Ke8 31. Qg4 Qb6 32. Qg6 1-0

[Event "4NCL Division 4 South"]
[Site "Maidenhead, ENG"]
[Date "2020.02.09"]
[Round "6.73"]
[White "Stayt, James N"]
[Black "Jones, Tibor"]
[Result "0-1"]
[WhiteElo "1926"]
[BlackElo "1990"]
[PlyCount "52"]
[EventDate "2020.02.09"]
[WhiteTeam "CSC 3"]
[BlackTeam "All Anands on Deck"]

1. e4 e5 2. Nf3 Nc6 3. Bb5 a6 4. Ba4 Nf6 5. d4 exd4 6. O-O Be7 7. e5 Ne4 8.
Nxd4 O-O 9. Nf5 Nc5 10. Bxc6 dxc6 11. Nxe7+ Qxe7 12. Re1 Bf5 13. b3 Rad8 14.
Qe2 Rfe8 15. Nc3 Ne6 16. Be3 Nd4 17. Bxd4 Rxd4 18. Rad1 Qd7 19. Qe3 c5 20. Qc1
Qe6 21. Na4 Qc6 22. c3 Rg4 23. f3 Qxf3 24. Qd2 Qc6 25. Re2 Rg6 26. Qe3 Bg4 0-1

[Event "4NCL Division 4 South"]
[Site "Maidenhead, ENG"]
[Date "2020.02.09"]
[Round "6.74"]
[White "Mize, Dylan"]
[Black "Mashayekh, Majid"]
[Result "0-1"]
[WhiteElo "1780"]
[BlackElo "1877"]
[PlyCount "92"]
[EventDate "2020.02.09"]
[WhiteTeam "All Anands on Deck"]
[BlackTeam "CSC 3"]

1. d4 Nf6 2. c4 e6 3. Nf3 Bb4+ 4. Bd2 Qe7 5. a3 Bxd2+ 6. Qxd2 d6 7. Nc3 O-O 8.
e4 e5 9. d5 Nbd7 10. b4 a5 11. Rc1 axb4 12. axb4 Nb6 13. Bd3 Nh5 14. O-O Bg4
15. Qe3 Nf4 16. Rfd1 Na4 17. Bf1 Nxc3 18. Qxc3 f5 19. h3 Bh5 20. g3 fxe4 21.
Nd2 Bxd1 22. Rxd1 Qg5 23. Nxe4 Qg6 24. Qe3 Qh5 25. g4 Qg6 26. Ng3 Qc2 27. Rc1
Qb2 28. c5 Ra1 29. Rxa1 Qxa1 30. Nf5 g6 31. Nh4 dxc5 32. bxc5 Qd4 33. Qxd4 exd4
34. Bc4 Kg7 35. Kh2 Rd8 36. Nf3 d3 37. Kg3 Ne2+ 38. Kg2 h6 39. Kf1 Nf4 40. Nd4
Kf6 41. Ke1 Nxd5 42. Kd2 Nf4 43. Ke3 d2 44. Bb3 Nxh3 45. f3 Rxd4 46. Kxd4 Nf2
0-1

[Event "4NCL Division 4 South"]
[Site "Maidenhead, ENG"]
[Date "2020.02.09"]
[Round "6.81"]
[White "Tucker, David S"]
[Black "Green, Anthony J"]
[Result "1/2-1/2"]
[WhiteElo "2002"]
[BlackElo "1951"]
[PlyCount "49"]
[EventDate "2020.02.09"]
[WhiteTeam "War and Piece"]
[BlackTeam "Warwickshire Select 2"]

1. e4 d6 2. d4 Nf6 3. Nc3 e5 4. Nf3 Nbd7 5. Bc4 Be7 6. O-O O-O 7. h3 c6 8. dxe5
dxe5 9. a4 a5 10. Qe2 h6 11. Rd1 Qc7 12. Be3 Nc5 13. Nd2 Ne6 14. Bxe6 Bxe6 15.
Nc4 Nd7 16. b3 Nc5 17. f3 Bxc4 18. Qxc4 Ne6 19. Rd2 Rfd8 20. Rad1 Rxd2 21. Rxd2
Rd8 22. Ne2 Rxd2 23. Bxd2 Bc5+ 24. Kf1 Qd8 25. Qd3 1/2-1/2

[Event "4NCL Division 4 South"]
[Site "Maidenhead, ENG"]
[Date "2020.02.09"]
[Round "6.82"]
[White "Cundy, Mark A"]
[Black "Chapman, Chas"]
[Result "1-0"]
[WhiteElo "1872"]
[BlackElo "1709"]
[PlyCount "111"]
[EventDate "2020.02.09"]
[WhiteTeam "Warwickshire Select 2"]
[BlackTeam "War and Piece"]

1. e4 e5 2. f4 exf4 3. Nf3 d6 4. d4 g6 5. Bxf4 Bg7 6. c3 Ne7 7. Bc4 O-O 8. O-O
a6 9. Nbd2 b5 10. Bb3 Bb7 11. Qe1 Nd7 12. Qg3 c5 13. Bxd6 c4 14. Bc2 Nb6 15.
Bf4 Re8 16. Qf2 Qd7 17. Rae1 Nc6 18. Qh4 Bc8 19. h3 Rf8 20. Bh6 Qe7 21. Qxe7
Nxe7 22. Bxg7 Kxg7 23. e5 Be6 24. Ne4 Ned5 25. Nc5 Nd7 26. Nxd7 Bxd7 27. Ng5
Rae8 28. Ne4 f6 29. Nc5 Bc8 30. Be4 Ne7 31. Bb7 Bxb7 32. Nxb7 fxe5 33. Rxf8
Kxf8 34. Rxe5 Nc6 35. Rxe8+ Kxe8 36. Kf2 Ke7 37. Ke3 Ke6 38. Nc5+ Kd6 39. Nxa6
Ne7 40. g4 Nc8 41. Nc5 Nb6 42. Ne4+ Ke7 43. Ng5 h6 44. Nf3 g5 45. b3 cxb3 46.
axb3 Nd5+ 47. Kd2 Kf6 48. c4 bxc4 49. bxc4 Nf4 50. Ng1 Ke6 51. Ke3 Kd6 52. Ke4
Ke6 53. h4 Kf6 54. Nf3 Ne6 55. hxg5+ hxg5 56. c5 1-0

[Event "4NCL Division 4 South"]
[Site "Maidenhead, ENG"]
[Date "2020.02.09"]
[Round "6.83"]
[White "Fielding, Michael"]
[Black "Ali, Golam S"]
[Result "0-1"]
[WhiteElo "1781"]
[BlackElo "1824"]
[PlyCount "118"]
[EventDate "2020.02.09"]
[WhiteTeam "War and Piece"]
[BlackTeam "Warwickshire Select 2"]

1. e4 c5 2. Nc3 d6 3. g3 Nc6 4. Bg2 Nf6 5. d3 Bg4 6. Nge2 e6 7. O-O Be7 8. f3
Bh5 9. Be3 O-O 10. Nf4 Bg6 11. Nxg6 hxg6 12. f4 d5 13. Bf2 d4 14. Ne2 Qb6 15.
Rb1 a5 16. h3 Rad8 17. g4 c4 18. dxc4 Bc5 19. Nc1 d3 20. cxd3 Rd7 21. e5 Nh7
22. Bxc6 Qxc6 23. Bxc5 Qxc5+ 24. Kg2 g5 25. Qf3 f6 26. Nb3 Qa7 27. Qe4 gxf4 28.
Rxf4 Ng5 29. Qe2 Rfd8 30. Rd1 a4 31. Nc1 Qb8 32. Re1 b6 33. Qe3 Qb7+ 34. Kg3
Nf7 35. exf6 e5 36. Rf5 g6 37. Rf3 Rd4 38. Qe2 Qc7 39. Kg2 e4 40. Re3 Ng5 41.
Qf2 Nf3 42. Rxf3 exf3+ 43. Qxf3 Rf4 44. Re7 Qd6 45. f7+ Kf8 46. Re8+ Rxe8 47.
fxe8=Q+ Kxe8 48. Qa8+ Ke7 49. Qxa4 Qd4 50. Qc2 Kf7 51. Qe2 Qc5 52. Nb3 Qc6+ 53.
Kg1 Qf6 54. Qg2 Rf3 55. Nc1 Qf4 56. Ne2 Qe3+ 57. Kh1 Rxh3+ 58. Qxh3 Qxh3+ 59.
Kg1 Qxd3 0-1

[Event "4NCL Division 4 South"]
[Site "Maidenhead, ENG"]
[Date "2020.02.09"]
[Round "6.84"]
[White "Shearsby, Jude"]
[Black "Ross, David C"]
[Result "1-0"]
[WhiteElo "1847"]
[BlackElo "1679"]
[PlyCount "85"]
[EventDate "2020.02.09"]
[WhiteTeam "Warwickshire Select 2"]
[BlackTeam "War and Piece"]

1. d4 Nf6 2. Bf4 e6 3. e3 d5 4. Nf3 Bd6 5. Bg3 Bxg3 6. hxg3 Bd7 7. Bd3 Nc6 8.
c3 Qe7 9. Ne5 O-O-O 10. Nd2 g6 11. Ndf3 Nxe5 12. Nxe5 Ne4 13. Qc2 f6 14. Nxd7
Qxd7 15. Bxe4 dxe4 16. Qxe4 e5 17. O-O-O Qa4 18. a3 Qc4 19. Qd3 Qf7 20. Qb5 a6
21. Qe2 exd4 22. exd4 Rhe8 23. Qd2 Rd7 24. Rhe1 Red8 25. Qe2 Qd5 26. Qe4 Qc4
27. Qe6 Qxe6 28. Rxe6 c5 29. Rxf6 cxd4 30. cxd4 Rc7+ 31. Kb1 Rcd7 32. Kc2 Rxd4
33. Rxd4 Rxd4 34. Rf8+ Kc7 35. Rf7+ Rd7 36. Rxd7+ Kxd7 37. Kd3 Kd6 38. Kd4 a5
39. g4 g5 40. g3 b5 41. f4 h6 42. f5 a4 43. Ke4 1-0

[Event "4NCL Division 4 South"]
[Site "Maidenhead, ENG"]
[Date "2020.02.09"]
[Round "6.85"]
[White "O'Byrne, Daniel"]
[Black "Chen, Daniel Xingyu"]
[Result "1-0"]
[WhiteElo "1669"]
[BlackElo "1832"]
[PlyCount "173"]
[EventDate "2020.02.09"]
[WhiteTeam "War and Piece"]
[BlackTeam "Warwickshire Select 2"]

1. e4 c5 2. Nf3 Nc6 3. d4 cxd4 4. Nxd4 g6 5. Be3 Bg7 6. Nc3 Nf6 7. h3 O-O 8.
Qd2 d5 9. exd5 Nxd5 10. Nxd5 Qxd5 11. c3 Nxd4 12. Bxd4 Bxd4 13. Qxd4 Qxd4 14.
cxd4 Bf5 15. Bc4 Rac8 16. b3 Rfd8 17. Rd1 Be4 18. O-O Bd5 19. Bd3 Rc3 20. Rfe1
e6 21. Rd2 Bc6 22. Be4 Bxe4 23. Rxe4 Rc1+ 24. Kh2 Rdc8 25. Ree2 Rd8 26. Re4 Rc6
27. Re1 $11 Rcd6 28. Red1 Kg7 29. f4 Kf6 30. Kg3 Kf5 31. Kf3 Rc8 32. g4+ Kf6
33. Ke4 Rd5 34. h4 Ke7 35. g5 Rc3 36. Rd3 Rc2 37. R3d2 Rc7 38. Rd3 Ra5 39. R1d2
Rd5 40. Rd1 $11 f5+ 41. Ke3 Kd6 42. R1d2 Ra5 43. b4 Ra4 44. a3 Kd5 45. Rh2 h5
46. gxh6 Rh7 47. Rc3 Rxh6 48. Kd3 Rh7 49. Rc5+ Kd6 50. Rc3 Ra6 51. b5 Rb6 52.
Rc5 a6 53. a4 axb5 54. axb5 Kd7 55. Kc4 Rd6 56. d5 exd5+ 57. Rxd5 Rxd5 58. Kxd5
Re7 59. h5 Rh7 60. h6 Ke7 61. Ke5 Kf7 62. Rc2 Rxh6 63. Rc7+ Ke8 64. Rxb7 Rh2
65. b6 Kd8 66. Rg7 Rb2 67. Rxg6 Rb5+ 68. Kf6 Rxb6+ 69. Kxf5 Rb5+ 70. Kf6 Rb6+
71. Kg5 Rb5+ 72. f5 Ke8 73. Ra6 Kf7 74. Ra7+ Kf8 75. Kg6 Rb1 76. Ra8+ Ke7 77.
f6+ Ke6 78. Ra6+ Ke5 79. f7 Rg1+ 80. Kh7 Rf1 81. Kg8 Rg1+ 82. Kf8 Rb1 83. Rg6
Kf5 84. Kg7 Rb7 85. Rg2 Ke6 86. Re2+ Kf5 87. Kg8 1-0

[Event "4NCL Division 4 South"]
[Site "Maidenhead, ENG"]
[Date "2020.02.09"]
[Round "6.86"]
[White "Sanchez, Margarita"]
[Black "Blair, Jimmy"]
[Result "1-0"]
[WhiteElo "1360"]
[BlackElo "1375"]
[PlyCount "129"]
[EventDate "2020.02.09"]
[WhiteTeam "Warwickshire Select 2"]
[BlackTeam "War and Piece"]

1. d4 d5 2. Bf4 Nf6 3. e3 g6 4. Bd3 Bg7 5. Nf3 Bg4 6. Nbd2 Nc6 7. c3 O-O 8. Qc2
a6 9. h3 Bd7 10. O-O Qc8 11. Kh2 Nd8 12. Bg3 Ne6 13. Ne5 Nh5 14. Bh4 Bf6 15.
Bxf6 exf6 16. Nxd7 Qxd7 17. g4 Qd6+ 18. f4 Nhxf4 19. exf4 Nxf4 20. Kh1 Nxh3 21.
Rf3 Ng5 22. Rf2 Qg3 23. Nf1 Qxg4 24. Rxf6 Qh4+ 25. Qh2 Qxh2+ 26. Nxh2 Rae8 27.
Raf1 Re3 28. Bc2 Re2 29. R6f2 Re3 30. Bb3 Ne4 31. Rf3 Ng3+ 32. Rxg3 Rxg3 33.
Bxd5 c6 34. Bc4 Kg7 35. Nf3 f6 36. Kh2 Rg4 37. Kh3 Re4 38. a4 b5 39. axb5 cxb5
40. Bd3 Re3 41. Bb1 Re2 42. b3 Rc8 43. c4 bxc4 44. bxc4 Re3 45. c5 h5 46. Kg2
g5 47. Bc2 Rc3 48. Bf5 a5 49. Bxc8 a4 50. Be6 a3 51. Rf2 Kg6 52. Nd2 Re3 53.
Bf5+ Kf7 54. Nc4 Rc3 55. Nxa3 Rxa3 56. d5 Ra5 57. Be6+ Ke7 58. c6 Kd6 59. Rxf6
Ra2+ 60. Rf2 Ra5 61. Kg3 Ra3+ 62. Rf3 Ra4 63. Rf6 Ra3+ 64. Kf2 h4 65. Rh6 1-0

[Event "4NCL Division 4 South"]
[Site "Maidenhead, ENG"]
[Date "2020.02.09"]
[Round "6.91"]
[White "Cheung, Ryan"]
[Black "Pink, Joshua"]
[Result "0-1"]
[WhiteElo "1681"]
[BlackElo "2042"]
[PlyCount "56"]
[EventDate "2020.02.09"]
[WhiteTeam "West is Best 3"]
[BlackTeam "Throw in the Tal"]

1. d4 Nf6 2. c4 c5 3. d5 e6 4. Nc3 exd5 5. cxd5 d6 6. e4 g6 7. f4 Bg7 8. Bb5+
Nbd7 9. e5 dxe5 10. fxe5 Nh5 11. Nf3 O-O 12. g4 Nxe5 13. gxh5 Nxf3+ 14. Qxf3
Qh4+ 15. Qg3 Bxc3+ 16. bxc3 Qe4+ 17. Kf2 Qxh1 18. Bh6 Qxd5 19. Rd1 Qxh5 20.
Bxf8 Qxd1 21. Bxc5 Qd5 22. Qc7 Bg4 23. Qe7 Qf3+ 24. Ke1 Qxc3+ 25. Kf2 Qf3+ 26.
Ke1 Qd1+ 27. Kf2 Rd8 28. Be3 Qf3+ 0-1

[Event "4NCL Division 4 South"]
[Site "Maidenhead, ENG"]
[Date "2020.02.09"]
[Round "6.92"]
[White "Riou-Durand, Lionel"]
[Black "Melsom, Jonathan T"]
[Result "1-0"]
[WhiteElo "1950"]
[BlackElo "1696"]
[PlyCount "81"]
[EventDate "2020.02.09"]
[WhiteTeam "Throw in the Tal"]
[BlackTeam "West is Best 3"]

1. e4 e6 2. d4 d5 3. Nd2 Nf6 4. Bd3 c5 5. c3 Nc6 6. Ngf3 dxe4 7. Nxe4 Nxe4 8.
Bxe4 Qc7 9. O-O Bd6 10. Be3 Ne7 11. Qd3 c4 12. Qe2 f5 13. Bc2 Bd7 14. Bg5 O-O
15. Rfe1 Ng6 16. h4 h6 17. Bd2 Rae8 18. h5 Nf4 19. Bxf4 Bxf4 20. Ne5 Bxe5 21.
Qxe5 Qxe5 22. Rxe5 Rc8 23. Rae1 Rf6 24. Bd1 b6 25. Bf3 Rc7 26. Kf1 Bc8 27. d5
Kf7 28. dxe6+ Ke7 29. g4 fxg4 30. Bxg4 Bb7 31. R1e3 Bc6 32. Ke2 Rc8 33. Rf5
Rcf8 34. Ree5 Be8 35. Rxf6 Rxf6 36. Ke3 Bc6 37. f4 Rf8 38. Be2 b5 39. Bf3 Be8
40. f5 Kd6 41. Kd4 1-0